Statistics for Languages of Europe in 1000 AD with a Map

Click here to take the quiz!

General Stats

  • This quiz has been taken 2,190 times
  • The average score is 45 of 95

Answers on the Map

Answers color-coded by a green-red scale on the quiz's map according to % correct below.
 

Answer Stats

Languages% Correct
Old East Slavic
99%
Old English
99%
Old French
99%
Old Saxon
99%
Gallo-Italic
98%
Italiot Greek
98%
Medieval Greek
98%
Old East Norse
98%
Old High German
98%
Old Italian
98%
Middle Irish
97%
Old Finnish
96%
Old Polish
96%
Old Spanish
96%
Old West Norse
96%
Old Serbo-Croatian
94%
Common Romanian
93%
Old Welsh
93%
Arabic
92%
Galician-Portuguese
92%
Old Dutch
92%
Old Estonian
92%
Old Hungarian
92%
Old Lithuanian
91%
Bulgar
90%
Old Latvian
90%
Proto-Albanian
87%
Old Bulgarian
86%
Old Czech
85%
Old Slovak
85%
Middle Sicilian
83%
Old Catalan
82%
Basque
81%
Old Sardinian
78%
Old Slovene
73%
Old Cornish
71%
Sámi Languages
69%
Old Breton
65%
Old Venetian
61%
Old Occitan
60%
Old Frisian
59%
Crimean Gothic
58%
Manx
57%
Old Prussian
53%
Old Aragonese
47%
Dalmatian
43%
Old Karelian
43%
Old Asturleonese
41%
Ancient Pomeranian
37%
Rhaeto-Romance
36%
Abkhaz-Abaza
29%
Adyghe
29%
Ossetian
29%
Andalusi Romance
27%
Kabardian
27%
Livonian
27%
Sorbian
26%
Pictish
23%
Aromanian
22%
Komi
19%
Enets-Nenets
18%
Avar
17%
Old Gutnish
17%
Mari
16%
Cumbric
15%
Udmurt
14%
Old Arpitan
13%
Khazar
11%
Kipchak
11%
Pecheneg
11%
Mordvin
10%
Curonian
8%
Veps
8%
Eastern Samur
7%
Oghuz
7%
Polabian
7%
Semigallian
7%
Tsakonian
7%
Western Samur
7%
Ubykh
6%
Dargin
4%
Eastern Galindian
4%
Lak
4%
Sudovian
4%
Vainakh
4%
Votic
4%
Western Galindian
4%
Andic
3%
Merya
3%
Muromian
3%
Selonian
3%
Skalvian
3%
Tsezic
3%
Archi
2%
Meshchera
2%

Score Distribution

Percentile by Number Answered

Percent of People with Each Score

Your Score History

You have not taken this quiz